Statistics for Name The Anime Based On The Main Character

Click here to take the quiz!

General Stats

  • This quiz has been taken 15 times
  • The average score is 14 of 26

Answer Stats

Main CharacterAnime% Correct
Uzumaki NarutoNaruto
100%
Monkey D. LuffyOne Piece
92%
Yagami LightDeath Note
85%
Kurosaki IchigoBleach
77%
MeliodasThe Seven Deadly Sins
77%
Eren YeagerAttack on Titan
69%
Midoriya IzukuMy Hero Academia
69%
Violet EvergardenViolet Evergarden
69%
Kaneki KenTokyo Ghoul
69%
Shiota NagisaAssassination Classroom
69%
Natsu DragneelFairy Tail
62%
Hinata ShoyoHaikyuu!!
62%
YatoNoragami
54%
Ciel PhantomhiveBlack Butler
46%
Kuroko TetsuyaKuroko's Basketball
46%
Nanase HarukaFree!
46%
Arima KouseiYour Lie In April
38%
Otonashi YuzuruAngel Beats!
38%
Kamado TanjiroDemon Slayer
38%
Kirigaya KazutoSword Art Online
38%
Kusuo SaikiThe Disastrous Life of Saiki K.
31%
Ayuzawa MisakiMaid-sama!
31%
Misaki MeiAnother
31%
Fujioka HaruhiOuran High School Host Club
31%
Sakata GintokiGintama
23%
Izumi ShinichiParasyte
15%

Score Distribution

Percentile by Number Answered

Percent of People with Each Score

Your Score History

You have not taken this quiz